Tarrasa, capital de la cerámica catalana / por I. Clopas Batlle
Publicado:
San Jorge, núm. 94 (2n, 3r i 4t trimestre 1974), pàg 74 - 77 :
Materias:
Ceràmica catalana -- Terrassa
MARC
| LEADER | 00000nam a2200000Ia 4500 | ||
|---|---|---|---|
| 001 | |||
| 008 | 160829s9999 xx 000 0 cat d | ||
| 100 | 1 | |a Clopas i Batlle, Isidre, |d 1913-2001 |9 24339 | |
| 245 | |a Tarrasa, capital de la cerámica catalana / por I. Clopas Batlle | ||
| 260 | |a San Jorge, núm. 94 (2n, 3r i 4t trimestre 1974), pàg 74 - 77 | ||
| 590 | |a Conté 13 fotografies | ||
| 650 | 0 | |a Ceràmica catalana |x Terrassa |9 26609 | |
| 901 | |a Arxiu | ||
| 942 | |n 1 | ||
| 952 | |0 0 |1 0 |4 0 |7 1 |9 50338 |a Arxiu |b Arxiu |d 2016-12-01 |l 0 |r 2016-12-01 00:00:00 |w 2016-12-01 |y ARXIU | ||
| 999 | |c 54180 |d 54180 | ||